00329nam a2200121Ia 4500008004100000041001200041082001600053100002000069245004600089260005700135300000800192650000700200221030s9999 xx 000 0 und d aEnglish a105.23bMuk aS. Mukhopadhyay 0aModern Power System - Control & Operation bQIP Center, University Of Roorkee, RoorkeeaIndiac0 a322 aEE